Statistics for Spell the Welsh town

Click here to take the quiz!

General Stats

  • This quiz has been taken 39 times
  • The average score is 35 of 58

Answer Stats

Answer% Correct
a
100%
L
100%
l
100%
n
100%
a
96%
f
96%
r
96%
i
93%
p
85%
l
81%
w
81%
g
78%
l
78%
w
74%
y
74%
n
67%
c
63%
g
63%
g
63%
g
63%
h
63%
o
63%
o
63%
o
63%
g
59%
g
52%
g
52%
l
52%
l
52%
o
52%
o
52%
c
48%
e
48%
h
48%
l
48%
l
48%
l
48%
l
48%
l
48%
o
48%
r
48%
s
48%
y
48%
y
48%
a
44%
b
44%
d
44%
i
44%
i
44%
n
44%
n
44%
r
44%
r
44%
t
44%
w
44%
w
44%
y
44%
y
44%

Score Distribution

Percentile by Number Answered

Percent of People with Each Score

Your Score History

You have not taken this quiz